Normal view
MARC view
Entry Meeting Name
001 - CONTROL NUMBER
- control field: 17153
003 - CONTROL NUMBER IDENTIFIER
- control field: OSt
005 - DATE AND TIME OF LATEST TRANSACTION
- control field: 20211105134129.0
008 - FIXED-LENGTH DATA ELEMENTS
- fixed length control field: 211105|| aca||aabn | a|a d
040 ## - CATALOGING SOURCE
- Original cataloging agency: OSt
- Transcribing agency: OSt
111 ## - HEADING--MEETING NAME
- Meeting name or jurisdiction name as entry element: International Colloquium in the Occasion of the 7th Centenary of the Universities of Montpellier
- Location of meeting: France
- Date of meeting or treaty signing: 1989 Sept. 4 - 7
670 ## - SOURCE DATA FOUND
- Source citation: Work cat.: (OSt): International Colloquium in the Occasion of the 7th Centenary of the Universities of Montpellier France 1989 Sept. 4 - 7, From Miras to planetary nebulae- which path for stellar evolution?, 1990